| 000 | 00936nam a2200289 c 4500 | ||
|---|---|---|---|
| 003 | BLK | ||
| 005 | 20180420231912.0 | ||
| 008 | 180409b bul|||||r ||||||| ||bul|| | ||
| 010 | _aKNG00131149000 | ||
| 040 | _aBLK | ||
| 041 |
_aBUL _cBUL |
||
| 080 |
_aФренска литература _b821.133.1 _x-3 _z821.133.1-3 |
||
| 100 | 1 |
_aБарбюс, Анри _eпърви автор _936595 |
|
| 139 |
_aБарбюс, Анри _bБ 26 |
||
| 245 | 1 | 0 |
_aРусия _cАнри Барбюс. |
| 257 | _aFRA | ||
| 260 |
_аСофия _bкниж. Антиквар _c1932 _fСофия : Доверие |
||
| 300 |
_a124 с. _c20 см |
||
| 380 | _aX | ||
| 500 | _a2 000 тир. | ||
| 651 | 4 |
_aРусия _9179465 |
|
| 852 | _aЦб 3.205.12597 | ||
| 856 | 4 |
_qpdf _u |
|
| 856 | 4 |
_qpdf _u |
|
| 942 |
_cKNG _n0 |
||
| 944 |
_aCR _c08.06.2012 _l08.06.2012 - от С1,Р / 08.06.2012 _kДиана_Димитрова |
||
| 944 |
_aED _c08.06.2012 _l08.06.2012 - от С1,Р / 08.06.2012 _k |
||
| 999 |
_c125479 _d125479 |
||